000 01891nam a2200229Ia 4500
003 Ost
005 20260507075450.0
008 260507s9999||||xx |||||||||||||| ||und||
040 _cfsecg
041 _aara
082 _a657.458
100 _aالصحن، عبد الفتاح محمد
_eمؤلف
245 0 _aالمراجعة التشغيلية و الرقابة الداخلية /
_c عبد الفتاح محمد الصحن
260 _aالاسكندرية:
_bالدار الجامعية,
_c2008
300 _a416 صفحة؛
_bإيضاحات ؛
_c24 سم
520 _aالرقابة الداخلية الحديثة المفاهيم والأهداف والتطور التاريخي ، الرقابة من خلال تقييم الأداء مشكل الرقابة الداخلية على أمن وسلامة المعلومات في ظل بيئة تكنولوجيا المعلومات ؛ الاتجاهات الحديثة في المراجعة الداخلية: المفاهيم المعايير ، الايزو مراجعة نظم الادارة البيئية الجودة الشاملة العلاقة مع المراجع الخارجي ؛ اطار المراجعة الداخلية التشغيلية ،المراجعة التشغلية لعمليات دورة الايرادات والمتحصلات ، المراجعة التشغلية لعمليات دورة النفقات والمدفوعات ،المراجعة التشغلية لعمليات ددورة المخزون ، المراجعة التشغلية لعمليات دورةالأجور والخدمات الأفراد ،المراجعة التشغلية لعمليات دورةالتمويل
653 _aالإدارة المالية
653 _aالرقابة المالية
653 _aمراجعة الحسابات
700 _aالسيد، سرايا محمد
_eمؤلف ثانوي
942 _cكتاب
999 _c44618
_d44618